Buyers have to run the risk (Record no. 81811)

MARC details
000 -LEADER
fixed length control field 01080cab a22001935a 4500
001 - CONTROL NUMBER
control field L148377
008 - FIXED-LENGTH DATA ELEMENTS--GENERAL INFORMATION
fixed length control field 090911e20090 xxka f 000 0 eng d
035 ## - SYSTEM CONTROL NUMBER
System control number (Sirsi) u148378
041 0# - LANGUAGE CODE
Language code of text/sound track or separate title eng
100 1# - MAIN ENTRY--PERSONAL NAME
Personal name Wilmott-Smith, Andrew
245 00 - TITLE STATEMENT
Title Buyers have to run the risk
260 ## - PUBLICATION, DISTRIBUTION, ETC.
Date of publication, distribution, etc. 2009
490 ## - SERIES STATEMENT
Series statement Estates Gazette
Volume/sequential designation (0924) 20 June 2009, 80-81(2)
520 ## - SUMMARY, ETC.
Summary, etc. Sales by insolvency practitioners (IPs) (as defined by the Law of Property Act 1925), can provide good investments for investors and developers, but these sales differ from the more regular transactions. Buyers require careful guidance, in the context of risk, as the IPs will want to eliminate contractural risk as far as possible, and IPs as agents for the seller will not take on liabilities relating to the ownership of the property and the promises of the sellers will be worthless, but the IPs will not want to incur any liability either.
590 ## - LOCAL NOTE (RLIN)
Local note KA
651 #4 - SUBJECT ADDED ENTRY--GEOGRAPHIC NAME
Geographic name England and Wales
Chronological subdivision 1543-
690 ## - LOCAL SUBJECT ADDED ENTRY--TOPICAL TERM (OCLC, RLIN)
Topical term or geographic name as entry element PROPERTY-COMMERCIAL PROPERTY-COMMERCIAL LANDLORD AND TENANT-BUSINESS TENANCIES
942 ## - ADDED ENTRY ELEMENTS (KOHA)
Suppress in OPAC 0
Holdings
Withdrawn status Lost status Source of classification or shelving scheme Damaged status Not for loan Home library Current library Shelving location Date acquired Total Checkouts Full call number Barcode Date last seen Copy number Price effective from Koha item type
    Dewey Decimal Classification     London London Journal article 11/09/2009   L148378 L148378-1001 06/08/2019 1 06/08/2019 Journal article